| 000 | 00769nas a2200241 4500 | ||
|---|---|---|---|
| 001 | BR9802289 | ||
| 003 | BR-BrBNA | ||
| 005 | 20231205101017.0 | ||
| 007 | ta | ||
| 008 | 230509b bl.|||p| |||| 00| 00por d | ||
| 040 |
_aBR-BrBNA _bpor _cBiblioteca Nacional de Agricultura |
||
| 041 | _a(Pt) | ||
| 072 | _aL72 | ||
| 100 | 1 | _aPrata, M.C. de A. | |
| 100 | 1 | _aDaemon, E. | |
| 245 | 1 | _aDeterminacao do numero de ovos por grama de postura de Amblyomma cajennense (Fabricius, 1787)(Acari: Ixodidae) | |
| 650 | _aCarrapato | ||
| 650 | _aPostura | ||
| 650 | _aBiologia | ||
| 773 | 0 |
_tRevista Brasileira de Ciencia Veterinaria (Brazil) _xISSN 1413-0130 _g(May-Aug 1997), v. 14(2) p. 81-82 _wBR9802289 |
|
| 909 |
_a202311 _bLúcia _c55 _dLúcia Elande |
||
| 942 |
_2AGRIS _n0 _cANA |
||
| 999 |
_c159284 _d159284 |
||